{"text_format":"3","workbook":"xlsx","n_sheets":3,"sheets":["控制器分厂","商用总装分厂","物流中心"],"not_rendered":{"images":55,"defined_names":2},"read":"whole","date_system":"1900"}

{"sheet":"控制器分厂","index":0,"n_rows":127,"n_cols":9,"rows_kept":127}
["序号","物料编码","损失物品名称","数量","班组","物资受损属地位置","备注",null,"定损"]
[1,"3700257302","PCB板 GRJ839-A3(V1.9)",774,"三期备料班组","一楼铁棚","受暴雨影响物资","原材料",{"$f":"#REF!","v":{"$error":"#REF!"}}]
[2,"370001000219","PCB板 GRZCJ1M1R0A(V1.1)",926,"三期备料班组","一楼铁棚","受暴雨影响物资","原材料",{"$f":"#REF!","v":{"$error":"#REF!"}}]
[3,"3700258801","PCB板 GRJ109-A(V2.3)",1208,"三期备料班组","一楼铁棚","受暴雨影响物资","原材料",{"$f":"#REF!","v":{"$error":"#REF!"}}]
[4,"370001060096","PCB板 GRJ101-A13(V1.2)",1587,"三期备料班组","一楼铁棚","受暴雨影响物资","原材料",{"$f":"#REF!","v":{"$error":"#REF!"}}]
[5,"37001892","PCB板 GRJ101-A1(V1.6)",1912,"三期备料班组","一楼铁棚","受暴雨影响物资","原材料",{"$f":"#REF!","v":{"$error":"#REF!"}}]
[6,"370001000218","PCB板 GRGS1R0RGB(V1.1)",813,"三期备料班组","一楼铁棚","受暴雨影响物资","原材料",{"$f":"#REF!","v":{"$error":"#REF!"}}]
[7,"370001000119","PCB板 GRJW842-A36(V1.7)",850,"三期备料班组","一楼铁棚","受暴雨影响物资","原材料",{"$f":"#REF!","v":{"$error":"#REF!"}}]
[8,"37002776","PCB板 GRJW842-A18(V1.9)",654,"三期备料班组","一楼铁棚","受暴雨影响物资","原材料",{"$f":"#REF!","v":{"$error":"#REF!"}}]
[9,"35030399","显示模块 D5253M",635,"三期备料班组","一楼铁棚","受暴雨影响物资","原材料",{"$f":"#REF!","v":{"$error":"#REF!"}}]
[10,"30118000058","GPRS模块 N1300",87,"三期备料班组","一楼铁棚","受暴雨影响物资","原材料",{"$f":"#REF!","v":{"$error":"#REF!"}}]
[11,"35030485","数码管 D1093C",681,"三期备料班组","一楼铁棚","受暴雨影响物资","原材料",{"$f":"#REF!","v":{"$error":"#REF!"}}]
[12,"35030267","数码管 D5473",681,"三期备料班组","一楼铁棚","受暴雨影响物资","原材料",{"$f":"#REF!","v":{"$error":"#REF!"}}]
[13,"340085060005","数码管 SLR0362BGA8BD(高壳体)",2402,"三期备料班组","一楼铁棚","受暴雨影响物资","原材料",{"$f":"#REF!","v":{"$error":"#REF!"}}]
[14,"35060052","IGBT RJP6065DPM(已停产)",699,"三期备料班","一楼铁棚","受暴雨影响物资","原材料",{"$f":"#REF!","v":{"$error":"#REF!"}}]
[15,"35030276","数码管 D5383B",880,"三期备料班","一楼铁棚","受暴雨影响物资","原材料",{"$f":"#REF!","v":{"$error":"#REF!"}}]
[16,"3503038605","稳压二极管 1N5352B(15V/5W)",1720,"三期备料班","一楼铁棚","受暴雨影响物资","原材料",{"$f":"#REF!","v":{"$error":"#REF!"}}]
[17,"35036049","数码管2 SCK-5001",180,"三期备料班","一楼铁棚","受暴雨影响物资","原材料",{"$f":"#REF!","v":{"$error":"#REF!"}}]
[18,"35030333","显示模块 JBF523B",136,"三期备料班","一楼铁棚","受暴雨影响物资","原材料",{"$f":"#REF!","v":{"$error":"#REF!"}}]
[19,"35030344","显示模块 D3ZD13J",37,"三期备料班","一楼铁棚","受暴雨影响物资","原材料",{"$f":"#REF!","v":{"$error":"#REF!"}}]
[20,"35030418","显示模块 D5003H",69,"三期备料班","一楼铁棚","受暴雨影响物资","原材料",{"$f":"#REF!","v":{"$error":"#REF!"}}]
[21,"3503018901","数码管 D2113",160,"三期备料班","一楼铁棚","受暴雨影响物资","原材料",{"$f":"#REF!","v":{"$error":"#REF!"}}]
[22,"35030532","显示模块 D850F3C2",9,"三期备料班","一楼铁棚","受暴雨影响物资","原材料",{"$f":"#REF!","v":{"$error":"#REF!"}}]
[23,"35030386","稳压二极管 1N5336B(4.3V/5W)",271,"三期备料班","一楼铁棚","受暴雨影响物资","原材料",{"$f":"#REF!","v":{"$error":"#REF!"}}]
[24,"340085060011","数码管 D10401R(定位柱)",309,"三期备料班","一楼铁棚","受暴雨影响物资","原材料",{"$f":"#REF!","v":{"$error":"#REF!"}}]
[25,"35030257","二极管",105,"双子座物控班","双子座物控班","受暴雨影响物资","原材料",{"$f":"#REF!","v":{"$error":"#REF!"}}]
[26,"35060065","IGBT",105,"双子座物控班","双子座物控班","受暴雨影响物资","原材料",{"$f":"#REF!","v":{"$error":"#REF!"}}]
[27,"46010610","整流桥 ",105,"双子座物控班","双子座物控班","受暴雨影响物资","原材料",{"$f":"#REF!","v":{"$error":"#REF!"}}]
[28,"36003000006","IPM",27,"双子座物控班","双子座物控班","受暴雨影响物资","原材料",{"$f":"#REF!","v":{"$error":"#REF!"}}]
[29,"87104401","PCB板 GRJCS207-J(V1.0)",10.94,"三期备料班","一楼铁棚","受暴雨影响物资","原材料",{"$f":"#REF!","v":{"$error":"#REF!"}}]
[1,"300002000609","主板 M849F3BX",256,"三期成品库","一楼铁棚","受暴雨影响物资","成品",{"$f":"#REF!","v":{"$error":"#REF!"}}]
[2,"30133330","主板 M316F1Z",149,"三期成品库","一楼铁棚","受暴雨影响物资","成品",{"$f":"#REF!","v":{"$error":"#REF!"}}]
[3,"30070077","检测板 CS532AE",45,"三期成品库","一楼铁棚","受暴雨影响物资","成品",{"$f":"#REF!","v":{"$error":"#REF!"}}]
[4,"30226000004","主板 Z6L35B(总装拨码)",31,"三期成品库","一楼铁棚","受暴雨影响物资","成品",{"$f":"#REF!","v":{"$error":"#REF!"}}]
[5,"300001000200","显示板 D8583R(ZX)",20,"三期成品库","一楼铁棚","受暴雨影响物资","成品",{"$f":"#REF!","v":{"$error":"#REF!"}}]
[6,"300002060297","主板 ZS1201A",18,"三期成品库","一楼铁棚","受暴雨影响物资","成品",{"$f":"#REF!","v":{"$error":"#REF!"}}]
[7,"300002061697","主板 Z4L25VEJ",16,"三期成品库","一楼铁棚","受暴雨影响物资","成品",{"$f":"#REF!","v":{"$error":"#REF!"}}]
[8,"300014060001","通讯接口板 IC60-38/CD1",16,"三期成品库","一楼铁棚","受暴雨影响物资","成品",{"$f":"#REF!","v":{"$error":"#REF!"}}]
[9,"30135000175","主板 M560F1VJ",15,"三期成品库","一楼铁棚","受暴雨影响物资","成品",{"$f":"#REF!","v":{"$error":"#REF!"}}]
[10,"300002060677","主板 M870F1MAJ",15,"三期成品库","一楼铁棚","受暴雨影响物资","成品",{"$f":"#REF!","v":{"$error":"#REF!"}}]
[11,"00000131128","测试板4 CS196",14,"三期成品库","一楼铁棚","受暴雨影响物资","成品",{"$f":"#REF!","v":{"$error":"#REF!"}}]
[12,"300002061329","主板 M849F3ED",11,"三期成品库","一楼铁棚","受暴雨影响物资","成品",{"$f":"#REF!","v":{"$error":"#REF!"}}]
[13,"300002000026","主板 Z4L25PJ",10,"三期成品库","一楼铁棚","受暴雨影响物资","成品",{"$f":"#REF!","v":{"$error":"#REF!"}}]
[14,"300027060263","主板 WZ4K35M(CPU)(防腐)",10,"三期成品库","一楼铁棚","受暴雨影响物资","成品",{"$f":"#REF!","v":{"$error":"#REF!"}}]
[15,"300014060001","通讯接口板 IC60-38/CD1",9,"三期成品库","一楼铁棚","受暴雨影响物资","成品",{"$f":"#REF!","v":{"$error":"#REF!"}}]
[16,"300027000553","主板 ZP01000AJ",5,"三期成品库","一楼铁棚","受暴雨影响物资","成品",{"$f":"#REF!","v":{"$error":"#REF!"}}]
[17,"300002000288","主板 M870F2BGJ",4,"三期成品库","一楼铁棚","受暴雨影响物资","成品",{"$f":"#REF!","v":{"$error":"#REF!"}}]
[18,"300027060254","主板 ZF400A",4,"三期成品库","一楼铁棚","受暴雨影响物资","成品",{"$f":"#REF!","v":{"$error":"#REF!"}}]
[19,"300002060226","主板 Z4L25YAJ",4,"三期成品库","一楼铁棚","受暴雨影响物资","成品",{"$f":"#REF!","v":{"$error":"#REF!"}}]
[20,"300002061331","主板 M849F3EG",3,"三期成品库","一楼铁棚","受暴雨影响物资","成品",{"$f":"#REF!","v":{"$error":"#REF!"}}]
[21,"300027000533","主板 WZ101021J(CPU)",3,"三期成品库","一楼铁棚","受暴雨影响物资","成品",{"$f":"#REF!","v":{"$error":"#REF!"}}]
[22,"30039095","主板 9M82A",3,"三期成品库","一楼铁棚","受暴雨影响物资","成品",{"$f":"#REF!","v":{"$error":"#REF!"}}]
[23,"300002000383","主板 ZS1202C",3,"三期成品库","一楼铁棚","受暴雨影响物资","成品",{"$f":"#REF!","v":{"$error":"#REF!"}}]
[24,"300027000374","主板 W8362BD",3,"三期成品库","一楼铁棚","受暴雨影响物资","成品",{"$f":"#REF!","v":{"$error":"#REF!"}}]
[25,"300027060076","主板 ZQ3340C",3,"三期成品库","一楼铁棚","受暴雨影响物资","成品",{"$f":"#REF!","v":{"$error":"#REF!"}}]
[26,"30133177","主板 M313F3M",2,"三期成品库","一楼铁棚","受暴雨影响物资","成品",{"$f":"#REF!","v":{"$error":"#REF!"}}]
[27,"30138287","主板 M809F1KJ",2,"三期成品库","一楼铁棚","受暴雨影响物资","成品",{"$f":"#REF!","v":{"$error":"#REF!"}}]
[28,"300020000013","滤波板 ZL3145A",2,"三期成品库","一楼铁棚","受暴雨影响物资","成品",{"$f":"#REF!","v":{"$error":"#REF!"}}]
[29,"300001000198","显示板 D850F3DY",2,"三期成品库","一楼铁棚","受暴雨影响物资","成品",{"$f":"#REF!","v":{"$error":"#REF!"}}]
[30,"30562045","显示板 D28E13DJ",2,"三期成品库","一楼铁棚","受暴雨影响物资","成品",{"$f":"#REF!","v":{"$error":"#REF!"}}]
[31,"300001000042","显示板 D5363AN",2,"三期成品库","一楼铁棚","受暴雨影响物资","成品",{"$f":"#REF!","v":{"$error":"#REF!"}}]
[32,"30112007","开关板 K838",2,"三期成品库","一楼铁棚","受暴雨影响物资","成品",{"$f":"#REF!","v":{"$error":"#REF!"}}]
[33,"300001060092","显示板 Z6L350Y",2,"三期成品库","一楼铁棚","受暴雨影响物资","成品",{"$f":"#REF!","v":{"$error":"#REF!"}}]
[34,"300001060518","显示板 ZL751BJ(JF)",2,"三期成品库","一楼铁棚","受暴雨影响物资","成品",{"$f":"#REF!","v":{"$error":"#REF!"}}]
[35,"30510065","遥控器 YX1F",2,"三期成品库","一楼铁棚","受暴雨影响物资","成品",{"$f":"#REF!","v":{"$error":"#REF!"}}]
[36,"30245000001","电源板 ZDY50241",2,"三期成品库","一楼铁棚","受暴雨影响物资","成品",{"$f":"#REF!","v":{"$error":"#REF!"}}]
[37,"300002061304","主板 M871F1KJ",2,"三期成品库","一楼铁棚","受暴雨影响物资","成品",{"$f":"#REF!","v":{"$error":"#REF!"}}]
[38,"300002061867","主板 M564F2AEJ(FS63)",2,"三期成品库","一楼铁棚","受暴雨影响物资","成品",{"$f":"#REF!","v":{"$error":"#REF!"}}]
[39,"300027000443","主板 W8743BR",2,"三期成品库","一楼铁棚","受暴雨影响物资","成品",{"$f":"#REF!","v":{"$error":"#REF!"}}]
[40,"300027000533","主板 WZ101021J(CPU)",2,"三期成品库","一楼铁棚","受暴雨影响物资","成品",{"$f":"#REF!","v":{"$error":"#REF!"}}]
[41,"300023060029","转接板 ZZJ9ZB",2,"三期成品库","一楼铁棚","受暴雨影响物资","成品",{"$f":"#REF!","v":{"$error":"#REF!"}}]
[42,"30035564","主板 M518F2J",1,"三期成品库","一楼铁棚","受暴雨影响物资","成品",{"$f":"#REF!","v":{"$error":"#REF!"}}]
[43,"30035565","主板 M518F1AJ",1,"三期成品库","一楼铁棚","受暴雨影响物资","成品",{"$f":"#REF!","v":{"$error":"#REF!"}}]
[44,"300002000529","主板 M564F1MJ",1,"三期成品库","一楼铁棚","受暴雨影响物资","成品",{"$f":"#REF!","v":{"$error":"#REF!"}}]
[45,"300002000682","主板 M303F3AD",1,"三期成品库","一楼铁棚","受暴雨影响物资","成品",{"$f":"#REF!","v":{"$error":"#REF!"}}]
[46,"300002000682","主板 M303F3AD",1,"三期成品库","一楼铁棚","受暴雨影响物资","成品",{"$f":"#REF!","v":{"$error":"#REF!"}}]
[47,"300002060136","主板 M865F2GJ",1,"三期成品库","一楼铁棚","受暴雨影响物资","成品",{"$f":"#REF!","v":{"$error":"#REF!"}}]
[48,"300002060136","主板 M865F2GJ",1,"三期成品库","一楼铁棚","受暴雨影响物资","成品",{"$f":"#REF!","v":{"$error":"#REF!"}}]
[49,"300002060136","主板 M865F2GJ",1,"三期成品库","一楼铁棚","受暴雨影响物资","成品",{"$f":"#REF!","v":{"$error":"#REF!"}}]
[50,"300002060136","主板 M865F2GJ",1,"三期成品库","一楼铁棚","受暴雨影响物资","成品",{"$f":"#REF!","v":{"$error":"#REF!"}}]
[51,"300002060879","主板 M564F2CMJ",1,"三期成品库","一楼铁棚","受暴雨影响物资","成品",{"$f":"#REF!","v":{"$error":"#REF!"}}]
[52,"300002061337","主板 M849F3EL",1,"三期成品库","一楼铁棚","受暴雨影响物资","成品",{"$f":"#REF!","v":{"$error":"#REF!"}}]
[53,"300002061751","主板 M564F2AJ(FS63)",1,"三期成品库","一楼铁棚","受暴雨影响物资","成品",{"$f":"#REF!","v":{"$error":"#REF!"}}]
[54,"300002061924","主板 M566F2SJ",1,"三期成品库","一楼铁棚","受暴雨影响物资","成品",{"$f":"#REF!","v":{"$error":"#REF!"}}]
[55,"300066000002","电机主控板 BMJLX200",1,"三期成品库","一楼铁棚","受暴雨影响物资","成品",{"$f":"#REF!","v":{"$error":"#REF!"}}]
[56,"300001060375","显示板 D8762H",1,"三期成品库","一楼铁棚","受暴雨影响物资","成品",{"$f":"#REF!","v":{"$error":"#REF!"}}]
[57,"300001060124","显示板 D2153K",1,"三期成品库","一楼铁棚","受暴雨影响物资","成品",{"$f":"#REF!","v":{"$error":"#REF!"}}]
[58,"30562048","显示板 D212F43C",1,"三期成品库","一楼铁棚","受暴雨影响物资","成品",{"$f":"#REF!","v":{"$error":"#REF!"}}]
[59,"300001060041","显示板 D2113T",1,"三期成品库","一楼铁棚","受暴雨影响物资","成品",{"$f":"#REF!","v":{"$error":"#REF!"}}]
[60,"300001060602","显示板 D21343GJ",1,"三期成品库","一楼铁棚","受暴雨影响物资","成品",{"$f":"#REF!","v":{"$error":"#REF!"}}]
[61,"300001000104","显示板 D2113N",1,"三期成品库","一楼铁棚","受暴雨影响物资","成品",{"$f":"#REF!","v":{"$error":"#REF!"}}]
[62,"30565265","显示板 D5313LG",1,"三期成品库","一楼铁棚","受暴雨影响物资","成品",{"$f":"#REF!","v":{"$error":"#REF!"}}]
[63,"300001060601","显示板 D21343FJ",1,"三期成品库","一楼铁棚","受暴雨影响物资","成品",{"$f":"#REF!","v":{"$error":"#REF!"}}]
[64,"300001060071","显示板 ZD21012AJ",1,"三期成品库","一楼铁棚","受暴雨影响物资","成品",{"$f":"#REF!","v":{"$error":"#REF!"}}]
[65,"30229000009","主板 WZ901GA",1,"三期成品库","一楼铁棚","受暴雨影响物资","成品",{"$f":"#REF!","v":{"$error":"#REF!"}}]
[66,"300023060026","转接板 ZZJ9ZB",1,"三期成品库","一楼铁棚","受暴雨影响物资","成品",{"$f":"#REF!","v":{"$error":"#REF!"}}]
[67,"30035565","主板 M518F1AJ",1,"三期成品库","一楼铁棚","受暴雨影响物资","成品",{"$f":"#REF!","v":{"$error":"#REF!"}}]
[68,"30135813","主板 W5101TJ",1,"三期成品库","一楼铁棚","受暴雨影响物资","成品",{"$f":"#REF!","v":{"$error":"#REF!"}}]
[69,"30138988","主板 M845F3D",1,"三期成品库","一楼铁棚","受暴雨影响物资","成品",{"$f":"#REF!","v":{"$error":"#REF!"}}]
[70,"30226000089","主板 Z6L25F(总装拨码)",1,"三期成品库","一楼铁棚","受暴雨影响物资","成品",{"$f":"#REF!","v":{"$error":"#REF!"}}]
[71,"300002000286","主板 M870F2BEJ",1,"三期成品库","一楼铁棚","受暴雨影响物资","成品",{"$f":"#REF!","v":{"$error":"#REF!"}}]
[72,"300002000357","主板 Z6L35AC(总装拨码)",1,"三期成品库","一楼铁棚","受暴雨影响物资","成品",{"$f":"#REF!","v":{"$error":"#REF!"}}]
[73,"300002000682","主板 M303F3AD",1,"三期成品库","一楼铁棚","受暴雨影响物资","成品",{"$f":"#REF!","v":{"$error":"#REF!"}}]
[74,"300002000690","主板 M303F2AG",1,"三期成品库","一楼铁棚","受暴雨影响物资","成品",{"$f":"#REF!","v":{"$error":"#REF!"}}]
[75,"300002000748","主板 M560F2APJ",1,"三期成品库","一楼铁棚","受暴雨影响物资","成品",{"$f":"#REF!","v":{"$error":"#REF!"}}]
[76,"300002060019","主板 ZE710A(总装拨码)",1,"三期成品库","一楼铁棚","受暴雨影响物资","成品",{"$f":"#REF!","v":{"$error":"#REF!"}}]
[77,"300002060333","主板 M564F2AEJ",1,"三期成品库","一楼铁棚","受暴雨影响物资","成品",{"$f":"#REF!","v":{"$error":"#REF!"}}]
[78,"300002061077","主板 M568F2J",1,"三期成品库","一楼铁棚","受暴雨影响物资","成品",{"$f":"#REF!","v":{"$error":"#REF!"}}]
[79,"300002061082","主板 M568F2CJ",1,"三期成品库","一楼铁棚","受暴雨影响物资","成品",{"$f":"#REF!","v":{"$error":"#REF!"}}]
[80,"300002061210","主板 M568F2HJ",1,"三期成品库","一楼铁棚","受暴雨影响物资","成品",{"$f":"#REF!","v":{"$error":"#REF!"}}]
[81,"300014060131","通讯接口板 IC60-33/CF4(备份)",1,"三期成品库","一楼铁棚","受暴雨影响物资","成品",{"$f":"#REF!","v":{"$error":"#REF!"}}]
[82,"300027000002","主板 W28E13EJ",1,"三期成品库","一楼铁棚","受暴雨影响物资","成品",{"$f":"#REF!","v":{"$error":"#REF!"}}]
[83,"300027000236","主板 ZQ1220D(PFC)",1,"三期成品库","一楼铁棚","受暴雨影响物资","成品",{"$f":"#REF!","v":{"$error":"#REF!"}}]
[84,"300027000372","主板 ZQ3340",1,"三期成品库","一楼铁棚","受暴雨影响物资","成品",{"$f":"#REF!","v":{"$error":"#REF!"}}]
[85,"300027000376","主板 W8362BE",1,"三期成品库","一楼铁棚","受暴雨影响物资","成品",{"$f":"#REF!","v":{"$error":"#REF!"}}]
[86,"300027000585","主板 WZF72",1,"三期成品库","一楼铁棚","受暴雨影响物资","成品",{"$f":"#REF!","v":{"$error":"#REF!"}}]
[87,"300027060011","主板 W8362BT",1,"三期成品库","一楼铁棚","受暴雨影响物资","成品",{"$f":"#REF!","v":{"$error":"#REF!"}}]
[88,"300027060121","主板 ZQ1230Q",1,"三期成品库","一楼铁棚","受暴雨影响物资","成品",{"$f":"#REF!","v":{"$error":"#REF!"}}]
[89,"300027060148","主板 ZQ3340D",1,"三期成品库","一楼铁棚","受暴雨影响物资","成品",{"$f":"#REF!","v":{"$error":"#REF!"}}]
[90,"300027060242","主板 WZF40AJ",1,"三期成品库","一楼铁棚","受暴雨影响物资","成品",{"$f":"#REF!","v":{"$error":"#REF!"}}]
[91,"300027060777","主板 ZQ3316G(防腐)",1,"三期成品库","一楼铁棚","受暴雨影响物资","成品",{"$f":"#REF!","v":{"$error":"#REF!"}}]
[92,"300027060829","主板 W8721DY",1,"三期成品库","一楼铁棚","受暴雨影响物资","成品",{"$f":"#REF!","v":{"$error":"#REF!"}}]
[93,"300002061215","主板 M568F1GJ",1,"三期成品库","一楼铁棚","受暴雨影响物资","成品",{"$f":"#REF!","v":{"$error":"#REF!"}}]
[94,"30229000009","主板 WZ901GA",1,"三期成品库","一楼铁棚","受暴雨影响物资","成品",{"$f":"#REF!","v":{"$error":"#REF!"}}]
[95,"300023060029","转接板 ZZJ9ZB",1,"三期成品库","一楼铁棚","受暴雨影响物资","成品",{"$f":"#REF!","v":{"$error":"#REF!"}}]
[96,"300023060026","转接板 ZZJ9ZB",1,"三期成品库","一楼铁棚","受暴雨影响物资","成品",{"$f":"#REF!","v":{"$error":"#REF!"}}]
[{"$nulls":8},{"$f":"SUM(I2:I126)","v":{"$error":"#REF!"}}]

{"sheet":"商用总装分厂","index":1,"n_rows":10,"n_cols":6,"rows_kept":10}
["序号","物料编码/资产编号","物料名称/资产名称","受损数量","单价","受损总额"]
[1,"81203606001907","全热交换芯体组件",12,562.5,{"$f":"D2*E2","v":6750}]
[2,"710024060118","粗效过滤器(671X598X300)-阻燃",10,87.5,{"$f":"D3*E3","v":875}]
[3,"1570530601","离心风机(左式) SYP-250/190J-",6,105,630]
[4,"204100033","压缩机及其配件 LNB65FAEMC(有下挂)",8,2000,16000]
[5,"9001000004","压缩机及其配件 LNB65FTEMC",16,2000,32000]
[6,"15706000003","电机 IE2-100L2-4(3KW)(有下挂)",15,1075,16125]
[7,"9001060667","压缩机及其配件 YEQz24-SM151A",39,575,22425]
[8,"10002060051","冷凝器组件(1.4亲水波纹片)",4,1733.96,6935.84]
[{"$nulls":5},{"$f":"SUM(F2:F9)","v":101740.84}]

{"sheet":"物流中心","index":2,"n_rows":86,"n_cols":12,"rows_kept":86,"merged":[[0,0,0,10]]}
["损失清单汇总"]
["序号","损失物品名称","型号","数量","单位","参考单价（元）","合计（元）","受损情况","备注","班组","地点"]
[57,"009001000060","压缩机及其配件 LNB53FTAMC",4,"台",1300,{"$f":"D3*F3","v":5200},"泡水",null,"仓储五班","西区"]
[58,"00100119","压缩机及其配件THV310FEEC",2,"台",710,1420,"泡水",null,"仓储五班","西区"]
[59,"00103811","压缩机及其配件KNB092FHAMC",1,"台",370,370,"泡水",null,"仓储五班","西区"]
[60,"009001060140","压缩机及其配件SE10B20",5,"台",1700,8500,"泡水",null,"仓储五班","西区"]
[61,"00103048","压缩机及其配件LHT42NBAC",5,"台",760,3800,"泡水",null,"仓储五班","西区"]
[62,"009001060419","压缩机及其配件 DFR60HF",27,"台",170,4590,"泡水",null,"仓储五班","西区"]
[63,"0135600042920","挡水板组件 2820",2,"个",3300,6600,"泡水",null,"仓储五班","西区"]
[64,"071012060003","手动风阀组件-GI 3050X460",2,"个",740,1480,"泡水",null,"仓储五班","西区"]
[65,"0733600000413","手动风阀组件 850X450",1,"个",300,{"$f":"D11*F11","v":300},"泡水",null,"仓储五班","西区"]
[66,"0733600000446","手动风阀组件 2250X450",1,"个",750,750,"泡水",null,"仓储五班","西区"]
[67,"0733600000545","手动风阀组件-GI 1850X1060",2,"个",970,1940,"泡水",null,"仓储五班","西区"]
[68,"0733600004910","手动风阀组件-GI 2250X760",2,"个",860,1720,"泡水",null,"仓储五班","西区"]
[69,"0738613111","手动风阀组件 820X830",2,"个",490,980,"泡水",null,"仓储五班","西区"]
[70,"150108000013","轴流风机组件",3,"个",160,480,"泡水",null,"仓储五班","西区"]
[71,"150108060010","离心风机组件",2,"个",390,780,"泡水",null,"仓储五班","西区"]
[72,"150108060015","轴流风机组件 上吊2",2,"个",330,660,"泡水",null,"仓储五班","西区"]
[73,"150184051","离心风机 SYB-280",16,"个",930,14880,"泡水",null,"仓储五班","西区"]
[74,"150109060034","离心风机组件",5,"个",3500,17500,"泡水",null,"仓储五班","西区"]
[75,"150109060129","离心风机组件(K3G310PH5802)",2,"个",5200,10400,"泡水",null,"仓储五班","西区"]
[76,"15010906004801","离心风机组件",1,"个",3300,3300,"泡水",null,"仓储五班","西区"]
[77,"150109060094","离心风机组件EC(K3G450PA3103)",4,"个",5400,21600,"泡水",null,"仓储五班","西区"]
[78,"15403700028","轴流风机组件FN063-SDQ.4I.V7P1",1,"个",1300,1300,"泡水",null,"仓储五班","西区"]
[79,"15406001750","轴流风机组件350",46,"个",170,7820,"泡水",null,"仓储五班","西区"]
[80,"15403735","轴流风机组件 FZ630JD000",4,"个",1300,5200,"泡水",null,"仓储五班","西区"]
[81,"15408000002","轴流风机组件",3,"个",6700,20100,"泡水",null,"仓储五班","西区","无实物，剔除"]
[82,"150109060119","离心风机组件(有下挂)",48,"个",69,3312,"泡水",null,"仓储五班","西区"]
[83,"753003000003","阻尼板(顶板)",988,"个",3.6,3556.8,"泡水",null,"仓储五班","西区"]
[84,"150109060049","离心风机组件 AN160R5-92-03(有下挂)\n",48,"个",150,7200,"泡水",null,"仓储五班","西区"]
[85,"039001060004","连接管部件(一体化)(安装盒) φ16X4m\n",80,"条",91,7280,"泡水",null,"仓储五班","西区"]
[86,"03900106000401","连接管部件(一体化)(安装盒) φ16X5m",400,"条",110,44000,"泡水",null,"仓储五班","西区"]
[87,"039001060008","连接管部件(一体化)",688,"条",120,82560,"泡水",null,"仓储五班","西区"]
[88,"039003060058","连接管组件(4mXφ12.7)(泰国客户专用)",270,"条",58,15660,"泡水",null,"仓储五班","西区"]
[89,"039003060060","连接管组件(4mXφ15.88)(泰国客户专用)",144,"条",71,10224,"泡水",null,"仓储五班","西区"]
[90,"039003060061","连接管组件(4mXφ6.35)(泰国客户专用)",624,"条",25,15600,"泡水",null,"仓储五班","西区"]
[91,"05015789","连接管组件(一体化)(5mXφ19)",50,"条",150,7500,"泡水",null,"仓储五班","西区"]
[92,"0501581301","连接管组件(一体化)(5mXφ16)",80,"条",120,9600,"泡水",null,"仓储五班","西区"]
[93,"0501581302","连接管组件(一体化)(4mXφ16)",48,"条",94,4512,"泡水",null,"仓储五班","西区"]
[94,"0501581305","连接管组件(一体化)(3mXφ16)",240,"条",93,22320,"泡水",null,"仓储五班","西区"]
[95,"039001000003","连接管部件(一体化) φ16X4m",42,"条",94,3948,"泡水",null,"仓储五班","西区"]
[96,"039001060008","连接管部件(一体化)",288,"条",120,34560,"泡水",null,"仓储五班","西区"]
[97,"050100131","连接管(铜铝)",600,"条",7.5,4500,"泡水",null,"仓储五班","西区"]
[98,"0501001311","连接管(铜铝)",500,"条",18,9000,"泡水",null,"仓储五班","西区"]
[99,"050100134","连接管(铜铝)",500,"条",13,6500,"泡水",null,"仓储五班","西区"]
[100,"050100136","连接管(铜铝)",3000,"条",8.5,25500,"泡水",null,"仓储五班","西区"]
[101,"050100137","连接管(铜铝)",1250,"条",12,15000,"泡水",null,"仓储五班","西区"]
[102,"050100138","连接管(铜铝)",1000,"条",15,15000,"泡水",null,"仓储五班","西区"]
[103,"050100139","连接管(铜铝)",1000,"条",9.6,9600,"泡水",null,"仓储五班","西区"]
[104,"0501046401","连接管组件(铜铝)φ16X4m",40,"条",89,3560,"泡水",null,"仓储五班","西区"]
[105,"0501581304","连接管组件(一体化)(4.5mXφ16)",16,"条",110,1760,"泡水",null,"仓储五班","西区"]
[106,"81010001","铜管TP2M Sφ5X0.23X0.12\n",1506.6,"千克",53,79849.8,"泡水",null,"仓储五班","西区"]
[107,"81000090","铜管TP2M Sφ7X0.25X0.18(新包装)\n",50,"千克",53,2650,"泡水",null,"仓储五班","西区"]
[108,"804001060015","铜管TP2M Sφ7X0.25X0.15\n",512,"千克",53,27136,"泡水",null,"仓储五班","西区"]
[109,"81000102","铜管TP2Mφ7X0.24X0.15(大金专用)",2083.3,"千克",53,110414.9,"泡水","保税","仓储五班","西区"]
[110,"81000121","铜管TP2Mφ5X0.20X0.12(大金专用)",1493,"千克",53,79129,"泡水","保税","仓储五班","西区"]
[111,"035081060118","集气管",400,"件",6.9,2760,"进水",null,"仓储一班","东区"]
[112,"06320020","接管螺母I包装件",11000,"PCS",0.99,10890,"进水淋湿",null,"仓储一班","东区"]
[113,"06320002","接管螺母B型",1424,"个",1.3,1851.2,"进水",null,"仓储一班","东区"]
[114,"06320006","接管螺母J型",600,"个",2.1,1260,"进水",null,"仓储一班","东区"]
[115,"03623001","后盖螺母",723,"个",0.75,542.25,"进水",null,"仓储一班","东区"]
[116,"150109000020","离心风机组件 SYB355II",3,"件",2000,6000,"进水",null,"仓储六班","东区"]
[117,"01133626","冷凝器组件(平行流)",27,"件",290,7830,"进水",null,"仓储六班","东区"]
[118,"1570220301","离心风机 DF2.76KH",48,"件",170,8160,"进水",null,"仓储六班","东区"]
[119,"0733600004910","手动风阀组件-GI 2250X760",2,"件",860,1720,"进水",null,"仓储六班","东区"]
[120,"0733600004803","手动风阀组件 350X600",9,"件",1500,13500,"进水",null,"仓储六班","东区"]
[121,"012227000001","中间条-GJ100100",360,"米",110,39600,"进水",null,"仓储六班","东区"]
[122,"012227000002","中间条-GJ6060",180,"米",120,21600,"进水",null,"仓储六班","东区"]
[123,"012203060006","边框条-GJ6060",516,"米",74,38184,"进水",null,"仓储六班","东区"]
[124,"803002000004","铝箔",1724,"千克",16,27584,"进水",null,"仓储六班","东区"]
[125,"82010075","铝箔",1707,"千克",16,27312,"进水",null,"仓储六班","东区"]
[126,"82010075","铝箔",1817,"千克",16,29072,"进水",null,"仓储六班","东区"]
[127,"38000013","晶体振荡器",3000,"件",0.58,1740,"进水",null,"仓储四班","西区"]
[128,"360001060183","IC TPS54202",3000,"件",0.93,2790,"进水",null,"仓储四班","西区"]
[129,"36008022","IC DS2411R+T&R",6000,"件",1.5,{"$f":"D75*F75","v":9000},"进水",null,"仓储四班","西区"]
[130,"300078060023","驱动板",10,"件",2300,23000,"进水",null,"仓储四班","西区"]
[131,"340056060004","片状电阻",10000,"件",0.01,100,"进水",null,"仓储四班","西区"]
[132,"340148060101","显示模块 ",94,"件",84,7896,"进水",null,"仓储四班","西区"]
[133,"02803151","底盘组件",720,"PCS",15.53,11181.6,"进水",null,"JIT三班","西区"]
[134,"012051060549","隔板",439,"PCS",6.03,2647.17,"进水",null,"JIT三班","西区"]
[135,"01793016","底脚",4544,"PCS",1.39,6316.16,"进水",null,"JIT三班","西区"]
[136,"01253108","顶盖",9790,"PCS",6.46,63243.4,"进水",null,"JIT三班","西区"]
[137,"000385060005","内筒组件",20,"PCS",184.38,3687.6,"进水",null,"JIT三班","西区"]
[138,"000385060004","内筒组件",140,"PCS",182.71,25579.4,"进水",null,"JIT三班","西区"]
[139,"01703192","接线支架组件",11520,"PCS",4.74,54604.8,"进水",null,"JIT三班","西区"]
[{"$nulls":6},{"$f":"SUM(G3:G85)","v":1252754.08}]